000
00226nam a2200097Ia 4500
005
20251222114346.0
008
251222s1900||||xx |||||||||||||| ||spa||
082
_a
DVD0092/T53
245
0
_a
De la Tierra a las Gentes.
942
_c
DVD
999
_c
1029
_d
1029